Matemática : una mirada numérica /

Guardado en:
Autor Principal: Gysin, Liliana M.
Otros Autores: Fernández, Graciela I.
Formato: Libro
Publicado: Buenos Aires : A-z, 1999
Series:Serie Polimodal A-z
Materias:
Etiquetas: Agregar Etiqueta
Sin Etiquetas, Sea el primero en etiquetar este registro!
LEADER 01275nam a22002415a 4500
001 CEM.cems016411
005 20111216095203.0
008 130507s1999##################000#0#####d
003 CEMS
020 |a 9505345755 
082 0 4 |a 510 
100 1 |a Gysin, Liliana M. 
245 1 0 |a Matemática :  |b una mirada numérica /  |c Liliana M. Gysin y Graciela I. Fernández 
260 |a Buenos Aires :  |b A-z,  |c 1999 
300 |a 244 p. 
490 0 |a Serie Polimodal A-z 
505 0 |a Probabilidad y estadística -- Conocimientos previos -- Los datos estadísticos -- Medidas de dispersión -- Probabilidad en espacios discretos -- Números reales -- Conocimientos previos -- Propiedades de los conjuntos númericos -- Operaciones y error -- Las razones trigonométricas y los cuadrantes -- Números complejos y vectores -- Conocimientos previos -- Números complejos, existencia y representaciones -- Vectores en el plano y en el espacio -- Vectores en geometría 
653 |a Matemática 
653 |a Matemática-polimodal 
700 1 |a Fernández, Graciela I. 
859 |a CEMS  |b BIB. CEMS - Agricultura  |h 510  |i G999  |p A0027.00  |t Ej.1  |v 1  |3 1 
859 |a CEMS  |b BIB. CEMS - Agricultura  |h 510  |i G999  |p A0612.05  |t Ej.2  |v 1  |3 1 
859 |a CEMS  |b BIB. CEMS - 11 de abril  |h 510  |i G999  |p 20245.99  |t Ej.1  |v 1º  |3 1º